[Event "Tradewise Gibraltar Masters 16th"]
[Site "Gibraltar"]
[Date "2018.01.23"]
[Round "1.100"]
[White "Lou, Yiping"]
[Black "Janiszewski, Maciej"]
[Result "1-0"]
[WhiteElo "2462"]
[BlackElo "2029"]
[PlyCount "89"]
[EventDate "2018.01.23"]
[EventType "swiss"]
[EventRounds "10"]
[EventCountry "GGB"]
[SourceTitle "BritBase"]
[Source "www.saund.co.uk"]
[SourceDate "2018.02.10"]
[SourceVersion "1"]
[SourceVersionDate "2018.02.10"]
[SourceQuality "1"]

1. e4 d5 2. exd5 Nf6 3. d4 Bg4 4. Bb5+ Nbd7 5. f3 Bf5 6. Nc3 a6 7. Ba4 b5 8.
Bb3 Nb6 9. Nge2 Nbxd5 10. Nxd5 Nxd5 11. Ng3 Bg6 12. a4 e6 13. Qe2 Bb4+ 14. Kf2
Qh4 15. Rd1 O-O 16. axb5 a5 17. Kg1 Rfd8 18. Qf2 Rab8 19. Ne2 Qf6 20. c3 Bd6
21. Rxa5 c6 22. c4 Bc7 23. Ra3 Nb4 24. bxc6 Nxc6 25. Be3 Rb4 26. Nc1 Rdb8 27.
d5 exd5 28. cxd5 Ne5 29. Rd2 h5 30. d6 Bxd6 31. Ra6 Nxf3+ 32. Qxf3 Bxh2+ 33.
Kxh2 Qxa6 34. Bf4 Rc8 35. Rd6 Rb6 36. Rd7 Rf6 37. Qe3 Qf1 38. Ne2 Qe1 39. Bg3
Qb1 40. Bh4 Rf1 41. Ng3 Re1 42. Qf4 Kh8 43. Bxf7 Rcc1 44. Rd8+ Kh7 45. Bg8+ 1-0

[Event "Tradewise Gibraltar Masters 16th"]
[Site "Gibraltar"]
[Date "2018.01.23"]
[Round "1.102"]
[White "Yankelevich, Lev"]
[Black "Hamer, Martyn"]
[Result "1-0"]
[WhiteElo "2456"]
[BlackElo "2020"]
[PlyCount "85"]
[EventDate "2018.01.23"]
[EventType "swiss"]
[EventRounds "10"]
[EventCountry "GGB"]
[SourceTitle "BritBase"]
[Source "www.saund.co.uk"]
[SourceDate "2018.02.10"]
[SourceVersion "1"]
[SourceVersionDate "2018.02.10"]
[SourceQuality "1"]

1. d4 Nf6 2. c4 g6 3. Nc3 Bg7 4. e4 d6 5. h3 O-O 6. Be3 e5 7. d5 Na6 8. Nf3 Nc5
9. Nd2 a5 10. g4 Ne8 11. Rg1 Kh8 12. g5 f5 13. h4 f4 14. Bxc5 dxc5 15. h5 Rf7
16. Nf3 Qe7 17. Nh4 Ra6 18. Qf3 Kg8 19. Bh3 Bxh3 20. Qxh3 Qd7 21. Qd3 a4 22.
O-O-O Re7 23. Rh1 Kf7 24. Qe2 Rb6 25. d6 Rxd6 26. hxg6+ hxg6 27. Nxg6 Ree6 28.
Nh4 Rxd1+ 29. Rxd1 Rd6 30. Qh5+ Kg8 31. Rh1 Qf7 32. Qe2 Rd4 33. b3 axb3 34.
axb3 Rd8 35. Nf5 c6 36. g6 Qd7 37. Rh7 Qd3 38. Qxd3 Rxd3 39. Kc2 Rd7 40. Na4 b5
41. Nxc5 Ra7 42. Ne6 bxc4 43. bxc4 1-0

[Event "Tradewise Gibraltar Masters 16th"]
[Site "Gibraltar"]
[Date "2018.01.23"]
[Round "1.103"]
[White "Sanjuan Garcia, Miguel"]
[Black "Cramling, Pia"]
[Result "0-1"]
[WhiteElo "2019"]
[BlackElo "2449"]
[PlyCount "68"]
[EventDate "2018.01.23"]
[EventType "swiss"]
[EventRounds "10"]
[EventCountry "GGB"]
[SourceTitle "BritBase"]
[Source "www.saund.co.uk"]
[SourceDate "2018.02.10"]
[SourceVersion "1"]
[SourceVersionDate "2018.02.10"]
[SourceQuality "1"]

1. e4 c5 2. Nf3 Nc6 3. Nc3 d6 4. d4 cxd4 5. Nxd4 Nf6 6. Bc4 Qb6 7. Nb3 e6 8.
Be3 Qc7 9. Bd3 a6 10. f4 b5 11. Qf3 Bb7 12. O-O Be7 13. a4 b4 14. Nb1 Na5 15.
Nxa5 Qxa5 16. Nd2 Rc8 17. Qg3 O-O 18. Nb3 Qc7 19. Bd4 g6 20. Rae1 e5 21. fxe5
Nh5 22. Qe3 dxe5 23. Bb6 Qd6 24. Na5 Ba8 25. Nc4 Qe6 26. b3 Nf4 27. a5 Nxd3 28.
Qxd3 Bc6 29. Qg3 Bb5 30. Rf5 Bxc4 31. bxc4 Rxc4 32. Ref1 Rxe4 33. Be3 Rxe3 34.
Qxe3 gxf5 0-1

[Event "Tradewise Gibraltar Masters 16th"]
[Site "Gibraltar"]
[Date "2018.01.23"]
[Round "1.104"]
[White "Grinberg, Eyal"]
[Black "Bryant, Richard B E"]
[Result "1-0"]
[WhiteElo "2448"]
[BlackElo "2016"]
[PlyCount "79"]
[EventDate "2018.01.23"]
[EventType "swiss"]
[EventRounds "10"]
[EventCountry "GGB"]
[SourceTitle "BritBase"]
[Source "www.saund.co.uk"]
[SourceDate "2018.02.10"]
[SourceVersion "1"]
[SourceVersionDate "2018.02.10"]
[SourceQuality "1"]

1. e4 e6 2. d4 d5 3. Nd2 Nf6 4. e5 Nfd7 5. Bd3 c5 6. c3 Nc6 7. Ne2 cxd4 8. cxd4
f6 9. exf6 Nxf6 10. O-O Bd6 11. Nf3 Qc7 12. Bg5 O-O 13. Bh4 Nh5 14. Qc2 h6 15.
Bh7+ Kh8 16. Bg6 Rxf3 17. Bxh5 Rf8 18. Bg3 Bd7 19. Rac1 Rac8 20. Qd2 Bxg3 21.
hxg3 Qd6 22. Nf4 Ne7 23. Bg4 Rxc1 24. Rxc1 g5 25. Nd3 Nc6 26. Re1 Rf6 27. Ne5
Be8 28. Qe3 Nb4 29. Rc1 Nc6 30. Be2 Qb4 31. Ng4 Rf8 32. Qxe6 Qd2 33. Rd1 Qxb2
34. Bd3 Rf7 35. Qxe8+ Kg7 36. Qe6 Kf8 37. Bg6 Nd8 38. Qd6+ Kg7 39. Bxf7 Nxf7
40. Qf6+ 1-0

[Event "Tradewise Gibraltar Masters 16th"]
[Site "Gibraltar"]
[Date "2018.01.23"]
[Round "1.105"]
[White "Avila Fraire, Ameyalli"]
[Black "Cawdery, Daniel"]
[Result "1/2-1/2"]
[WhiteElo "2014"]
[BlackElo "2446"]
[PlyCount "179"]
[EventDate "2018.01.23"]
[EventType "swiss"]
[EventRounds "10"]
[EventCountry "GGB"]
[SourceTitle "BritBase"]
[Source "www.saund.co.uk"]
[SourceDate "2018.02.10"]
[SourceVersion "1"]
[SourceVersionDate "2018.02.10"]
[SourceQuality "1"]

1. e4 c5 2. Nf3 d6 3. d4 cxd4 4. Nxd4 Nf6 5. Nc3 g6 6. Be3 Bg7 7. f3 O-O 8. Qd2
Nc6 9. Bc4 Bd7 10. O-O-O Rc8 11. Bb3 Nxd4 12. Bxd4 b5 13. e5 dxe5 14. Bxe5 Bc6
15. Qxd8 Rfxd8 16. Rxd8+ Rxd8 17. Rd1 Bh6+ 18. Kb1 Rxd1+ 19. Nxd1 Nd7 20. Bd4
a5 21. Nc3 e6 22. a4 b4 23. Nb5 Bf8 24. Bc4 Bc5 25. Bxc5 Nxc5 26. b3 Bxb5 27.
Bxb5 Kf8 28. Kb2 Ke7 29. c3 Kd6 30. cxb4 axb4 31. Kc2 Nb7 32. Be8 f6 33. Kd3
Na5 34. Bf7 Kd5 35. Kc2 Nc6 36. Bg8 Nd4+ 37. Kb2 h6 38. Bh7 g5 39. Bd3 Kc5 40.
Bc4 e5 41. Kc1 Nc6 42. Kd2 Kd4 43. Be6 h5 44. Bf7 h4 45. Be8 Na5 46. Bf7 f5 47.
Be6 e4 48. fxe4 Kxe4 49. Ke2 g4 50. Bf7 f4 51. Bg6+ Ke5 52. Bf7 Kf6 53. Bd5 Ke5
54. Bf7 Nc6 55. Bc4 Nd4+ 56. Kf2 Nc6 57. Ke2 Nd4+ 58. Kf2 g3+ 59. hxg3 hxg3+
60. Kf1 Nc2 61. Bf7 Ne3+ 62. Kg1 Kd6 63. Bg8 Kc5 64. Bf7 Nf5 65. Kf1 Ne3+ 66.
Kg1 Kd6 67. Bg8 Ke7 68. Bh7 Kd6 69. Bg8 Nf5 70. Kf1 Kc5 71. Ke2 Nh4 72. Kf1 Ng6
73. Ke2 Ne5 74. Be6 Nc6 75. Bg8 Kd4 76. Kf3 Ke5 77. Ke2 Nd4+ 78. Kf1 Kd6 79.
Bf7 Kc6 80. Bg8 Kc5 81. Bf7 Nc6 82. Bg8 Kd4 83. Ke2 Ke5 84. Bf7 Kd4 85. Bg8 Ne5
86. Be6 Ke4 87. Bg8 Nc6 88. Bh7+ Ke5 89. Bg8 Nd4+ 90. Kf1 1/2-1/2

[Event "Tradewise Gibraltar Masters 16th"]
[Site "Gibraltar"]
[Date "2018.01.23"]
[Round "1.107"]
[White "Safarian, Alek"]
[Black "Venkatesh, Marani Rajendran"]
[Result "0-1"]
[WhiteElo "2006"]
[BlackElo "2445"]
[PlyCount "68"]
[EventDate "2018.01.23"]
[EventType "swiss"]
[EventRounds "10"]
[EventCountry "GGB"]
[SourceTitle "BritBase"]
[Source "www.saund.co.uk"]
[SourceDate "2018.02.10"]
[SourceVersion "1"]
[SourceVersionDate "2018.02.10"]
[SourceQuality "1"]

1. d4 Nf6 2. c4 g6 3. Nc3 Bg7 4. e4 d6 5. f3 O-O 6. Be3 e5 7. d5 Nh5 8. Qd2 f5
9. Bd3 Nd7 10. O-O-O Nc5 11. Bc2 a6 12. Kb1 b5 13. b4 Nd7 14. c5 a5 15. a3 axb4
16. axb4 dxc5 17. bxc5 b4 18. Na4 fxe4 19. d6 Ndf6 20. Qxb4 Be6 21. Bb3 Bxb3
22. Qxb3+ Kh8 23. dxc7 Qxc7 24. Nb6 Nf4 25. Nxa8 Rxa8 26. Kc2 Nxg2 27. Nh3 Rb8
28. Qc3 exf3 29. Ng5 Ng4 30. Bd2 Qd7 31. Rb1 Qa4+ 32. Kc1 Rxb1+ 33. Kxb1 e4 34.
Qa5 Qb3+ 0-1

[Event "Tradewise Gibraltar Masters 16th"]
[Site "Gibraltar"]
[Date "2018.01.23"]
[Round "1.108"]
[White "Akesson, Ralf"]
[Black "Gagare, Shalmali"]
[Result "1/2-1/2"]
[WhiteElo "2443"]
[BlackElo "2001"]
[PlyCount "60"]
[EventDate "2018.01.23"]
[EventType "swiss"]
[EventRounds "10"]
[EventCountry "GGB"]
[SourceTitle "BritBase"]
[Source "www.saund.co.uk"]
[SourceDate "2018.02.10"]
[SourceVersion "1"]
[SourceVersionDate "2018.02.10"]
[SourceQuality "1"]

1. Nf3 d5 2. d4 Nf6 3. c4 e6 4. g3 Bb4+ 5. Nc3 O-O 6. Bg2 c6 7. O-O Nbd7 8. Qd3
b6 9. a3 Bxc3 10. Qxc3 Ba6 11. b3 Rc8 12. Bb2 c5 13. cxd5 exd5 14. dxc5 bxc5
15. Rfe1 d4 16. Qd2 Ne4 17. Qc2 Re8 18. Nd2 Nxd2 19. Qxd2 Ne5 20. Rab1 Rb8 21.
e3 Nd3 22. Red1 Rxb3 23. exd4 c4 24. Bc3 Qb6 25. Qc2 Rb8 26. Ra1 Qd6 27. h3 h6
28. d5 Qc5 29. Ra2 R8b6 30. Qd2 Rg6 1/2-1/2

[Event "Tradewise Gibraltar Masters 16th"]
[Site "Gibraltar"]
[Date "2018.01.23"]
[Round "1.109"]
[White "Adewole, Adeyinka"]
[Black "Docx, Stefan"]
[Result "0-1"]
[WhiteElo "2001"]
[BlackElo "2442"]
[PlyCount "114"]
[EventDate "2018.01.23"]
[EventType "swiss"]
[EventRounds "10"]
[EventCountry "GGB"]
[SourceTitle "BritBase"]
[Source "www.saund.co.uk"]
[SourceDate "2018.02.10"]
[SourceVersion "1"]
[SourceVersionDate "2018.02.10"]
[SourceQuality "1"]

1. Nf3 d6 2. d4 Nf6 3. g3 Nbd7 4. Bg2 e5 5. e3 g6 6. b3 Bg7 7. Bb2 Qe7 8. O-O
O-O 9. c4 Re8 10. Nc3 c6 11. a4 Nf8 12. h3 h5 13. Re1 e4 14. Nh2 N8h7 15. h4
Bf5 16. Ne2 Ng4 17. Nf4 Nxh2 18. Kxh2 Nf6 19. Bh3 Qd7 20. Bxf5 Qxf5 21. Rh1 d5
22. Kg2 Rad8 23. Ba3 Bh6 24. a5 a6 25. c5 Kg7 26. Qe2 Rh8 27. Rh3 Rde8 28. Rah1
Ng4 29. Bc1 Kg8 30. Bd2 Bg7 31. Bc3 Bf6 32. b4 Bd8 33. Qd1 Bc7 34. Qe2 Kf8 35.
Qd1 Ke7 36. Qe2 Kd7 37. Bd2 f6 38. Be1 Ref8 39. Qd1 Kc8 40. Qe2 Rhg8 41. Qd1
Re8 42. Qe2 Qd7 43. Bd2 Nh6 44. R3h2 Kb8 45. Rh3 Ng4 46. Be1 Bxf4 47. gxf4 g5
48. hxg5 fxg5 49. fxg5 Rxg5 50. Rg3 Rf8 51. Rhh3 Rf3 52. Rxf3 exf3+ 53. Rxf3
Nxe3+ 54. Kh1 Rg1+ 55. Kh2 Rg2+ 56. Kh1 Qg7 57. Rg3 Qxg3 0-1

[Event "Tradewise Gibraltar Masters 16th"]
[Site "Gibraltar"]
[Date "2018.01.23"]
[Round "1.110"]
[White "Zhukova, Natalia"]
[Black "Redondo Flores, David"]
[Result "1-0"]
[WhiteElo "2438"]
[BlackElo "2000"]
[PlyCount "41"]
[EventDate "2018.01.23"]
[EventType "swiss"]
[EventRounds "10"]
[EventCountry "GGB"]
[SourceTitle "BritBase"]
[Source "www.saund.co.uk"]
[SourceDate "2018.02.10"]
[SourceVersion "1"]
[SourceVersionDate "2018.02.10"]
[SourceQuality "1"]

1. d4 d6 2. Nf3 g6 3. c4 f5 4. Nc3 Nf6 5. e3 Bg7 6. Be2 O-O 7. b4 Qe8 8. Bb2 c6
9. Qb3 Kh8 10. h4 e5 11. dxe5 dxe5 12. c5 Be6 13. Qa3 Nd5 14. O-O Nd7 15. Rfd1
Qe7 16. Bc4 e4 17. Nd4 Nxc3 18. Nxe6 Nxd1 19. Bxg7+ Kg8 20. Bxf8 Nxf8 21. Nxf8+
1-0

[Event "Tradewise Gibraltar Masters 16th"]
[Site "Gibraltar"]
[Date "2018.01.23"]
[Round "1.111"]
[White "Burke, Mitchell R"]
[Black "Gavrilescu, David"]
[Result "0-1"]
[WhiteElo "1989"]
[BlackElo "2437"]
[PlyCount "28"]
[EventDate "2018.01.23"]
[EventType "swiss"]
[EventRounds "10"]
[EventCountry "GGB"]
[SourceTitle "BritBase"]
[Source "www.saund.co.uk"]
[SourceDate "2018.02.10"]
[SourceVersion "1"]
[SourceVersionDate "2018.02.10"]
[SourceQuality "1"]

1. d4 Nf6 2. Bf4 c5 3. c3 cxd4 4. cxd4 Qb6 5. b3 Nc6 6. e3 e5 7. dxe5 Bb4+ 8.
Nd2 Ne4 9. Ngf3 g5 10. Bg3 g4 11. Qc2 Nxg3 12. hxg3 gxf3 13. O-O-O Nxe5 14. Qe4
Qc6+ 0-1

[Event "Tradewise Gibraltar Masters 16th"]
[Site "Gibraltar"]
[Date "2018.01.23"]
[Round "1.112"]
[White "Tarjan, James"]
[Black "Biegel, Thomas"]
[Result "1-0"]
[WhiteElo "2432"]
[BlackElo "1984"]
[PlyCount "159"]
[EventDate "2018.01.23"]
[EventType "swiss"]
[EventRounds "10"]
[EventCountry "GGB"]
[SourceTitle "BritBase"]
[Source "www.saund.co.uk"]
[SourceDate "2018.02.10"]
[SourceVersion "1"]
[SourceVersionDate "2018.02.10"]
[SourceQuality "1"]

1. c4 c6 2. Nf3 d5 3. g3 Nf6 4. Bg2 Bg4 5. Ne5 Be6 6. cxd5 Bxd5 7. Nf3 c5 8.
O-O e6 9. Nc3 Bc6 10. b3 Be7 11. Bb2 O-O 12. Rc1 Na6 13. Qc2 Rc8 14. Qb1 Qa5
15. Rfd1 Rfd8 16. Qa1 Nb4 17. d3 Qa6 18. h3 b6 19. Kh2 Qb7 20. Qb1 Qb8 21. a3
Nbd5 22. Nxd5 Bxd5 23. Be5 Qb7 24. Qb2 Ne8 25. e4 Bc6 26. Bc3 Bf6 27. Bxf6 Nxf6
28. Ne5 Be8 29. b4 Ba4 30. Rd2 cxb4 31. Rxc8 Qxc8 32. Qxb4 b5 33. d4 Qc7 34.
Nd3 a5 35. Qc5 Qb8 36. Ne5 Qd6 37. Qa7 Nd7 38. Nxd7 Rxd7 39. Qa8+ Qf8 40. Qxa5
Qxa3 41. Bf1 Qe7 42. d5 exd5 43. Rxd5 Rxd5 44. exd5 g6 45. Qa8+ Kg7 46. Qc6 Qa7
47. Qc3+ Kg8 48. Qc8+ Kg7 49. Qc3+ Kg8 50. Kg1 Qd7 51. Qc5 Kg7 52. d6 Kg8 53.
Bg2 b4 54. Qxb4 Kg7 55. h4 h5 56. Qd4+ Kg8 57. Bh3 f5 58. Bg2 Bb3 59. Bc6 Qd8
60. Qe5 Kf7 61. d7 Be6 62. Qd6 Kf6 63. Kg2 Kf7 64. Kf3 Kf6 65. Kf4 Kf7 66. Bd5
Bxd5 67. Qxd5+ Kf6 68. Qe5+ Kf7 69. Qd6 Kg7 70. Qe6 Kh6 71. Qd6 Kg7 72. Ke5 Kf7
73. Qe6+ Kg7 74. Kd6 Qb8+ 75. Kc6 Qa8+ 76. Kb5 Qb7+ 77. Kc4 Qc7+ 78. Kd3 f4 79.
Qe7+ Kh6 80. d8=Q 1-0

[Event "Tradewise Gibraltar Masters 16th"]
[Site "Gibraltar"]
[Date "2018.01.23"]
[Round "1.113"]
[White "Vilarnovo Caamano, Jose"]
[Black "Swayams, Mishra"]
[Result "0-1"]
[WhiteElo "1981"]
[BlackElo "2432"]
[PlyCount "44"]
[EventDate "2018.01.23"]
[EventType "swiss"]
[EventRounds "10"]
[EventCountry "GGB"]
[SourceTitle "BritBase"]
[Source "www.saund.co.uk"]
[SourceDate "2018.02.10"]
[SourceVersion "1"]
[SourceVersionDate "2018.02.10"]
[SourceQuality "1"]

1. e4 e6 2. d4 d5 3. Nd2 Be7 4. Bd3 c5 5. dxc5 Nf6 6. Qe2 a5 7. Ngf3 O-O 8. O-O
Na6 9. e5 Nd7 10. c4 Naxc5 11. Bc2 b6 12. b3 Bb7 13. Bb2 Qb8 14. Rfe1 Rd8 15.
Nd4 Nf8 16. f4 f5 17. exf6 Bxf6 18. Qg4 dxc4 19. Nc6 Bxb2 20. Nxb8 Rxd2 21.
Rad1 Rxg2+ 22. Qxg2 Bxg2 0-1

[Event "Tradewise Gibraltar Masters 16th"]
[Site "Gibraltar"]
[Date "2018.01.23"]
[Round "1.114"]
[White "Wemmers, Xander"]
[Black "Cramling Bellon, Anna"]
[Result "1-0"]
[WhiteElo "2430"]
[BlackElo "1978"]
[PlyCount "51"]
[EventDate "2018.01.23"]
[EventType "swiss"]
[EventRounds "10"]
[EventCountry "GGB"]
[SourceTitle "BritBase"]
[Source "www.saund.co.uk"]
[SourceDate "2018.02.10"]
[SourceVersion "1"]
[SourceVersionDate "2018.02.10"]
[SourceQuality "1"]

1. d4 d5 2. c4 dxc4 3. e3 e5 4. Bxc4 Nc6 5. Nf3 e4 6. Nfd2 Qg5 7. Nxe4 Qxg2 8.
Ng3 Nf6 9. Bf1 Qd5 10. Nc3 Bb4 11. Bd2 Bxc3 12. bxc3 Na5 13. Qc2 Nc4 14. e4 Qc6
15. Bg2 O-O 16. O-O Nxd2 17. Qxd2 Qc4 18. Rfe1 Bd7 19. Rab1 b6 20. Rb4 Qe6 21.
d5 Qe7 22. e5 Rae8 23. Re2 Ng4 24. e6 fxe6 25. Rxg4 e5 26. Rg5 1-0

[Event "Tradewise Gibraltar Masters 16th"]
[Site "Gibraltar"]
[Date "2018.01.23"]
[Round "1.115"]
[White "Dev, Shah"]
[Black "Henderson De La Fuente, Lance"]
[Result "1/2-1/2"]
[WhiteElo "1977"]
[BlackElo "2429"]
[PlyCount "27"]
[EventDate "2018.01.23"]
[EventType "swiss"]
[EventRounds "10"]
[EventCountry "GGB"]
[SourceTitle "BritBase"]
[Source "www.saund.co.uk"]
[SourceDate "2018.02.10"]
[SourceVersion "1"]
[SourceVersionDate "2018.02.10"]
[SourceQuality "1"]

1. d4 d5 2. Bf4 Nf6 3. e3 c5 4. c3 Nc6 5. Nd2 Bf5 6. Ngf3 Qb6 7. dxc5 Qxb2 8.
Nd4 Bd7 9. Nb5 Rc8 10. Rb1 Qxa2 11. Ra1 Qb2 12. Rb1 Qa2 13. Ra1 Qb2 14. Rb1
1/2-1/2

[Event "Tradewise Gibraltar Masters 16th"]
[Site "Gibraltar"]
[Date "2018.01.23"]
[Round "1.116"]
[White "Gaehwiler, Gabriel"]
[Black "Bozinovic, Boban"]
[Result "1-0"]
[WhiteElo "2428"]
[BlackElo "1972"]
[PlyCount "81"]
[EventDate "2018.01.23"]
[EventType "swiss"]
[EventRounds "10"]
[EventCountry "GGB"]
[SourceTitle "BritBase"]
[Source "www.saund.co.uk"]
[SourceDate "2018.02.10"]
[SourceVersion "1"]
[SourceVersionDate "2018.02.10"]
[SourceQuality "1"]

1. e4 c5 2. Nf3 d6 3. d4 cxd4 4. Nxd4 Nf6 5. Nc3 g6 6. Be3 Bg7 7. f3 O-O 8. Qd2
Nc6 9. g4 Nxd4 10. Bxd4 Be6 11. Nd5 Bxd5 12. exd5 Nd7 13. Bxg7 Kxg7 14. h4 h6
15. g5 h5 16. O-O-O Qc7 17. f4 a5 18. a4 Kh7 19. Bb5 Nc5 20. Kb1 Rac8 21. Rhe1
f5 22. gxf6 Rxf6 23. Re2 Rcf8 24. Rde1 R8f7 25. Be8 Rg7 26. Qd4 Qd8 27. f5 gxf5
28. Bxh5 Qf8 29. Be8 Rh6 30. Bb5 Kg8 31. Qd2 Rxh4 32. Qxa5 Rhg4 33. Ka2 Re4 34.
Rxe4 Nxe4 35. Qb6 Qc8 36. Re2 Rg4 37. Rh2 Rg7 38. Qe3 Qc5 39. Qh6 Ng3 40. Qe6+
Rf7 41. Qg6+ 1-0

[Event "Tradewise Gibraltar Masters 16th"]
[Site "Gibraltar"]
[Date "2018.01.23"]
[Round "1.117"]
[White "Van De Groep, William"]
[Black "Ladron De Guevara Pinto, Paolo"]
[Result "0-1"]
[WhiteElo "1972"]
[BlackElo "2427"]
[PlyCount "50"]
[EventDate "2018.01.23"]
[EventType "swiss"]
[EventRounds "10"]
[EventCountry "GGB"]
[SourceTitle "BritBase"]
[Source "www.saund.co.uk"]
[SourceDate "2018.02.10"]
[SourceVersion "1"]
[SourceVersionDate "2018.02.10"]
[SourceQuality "1"]

1. e4 e5 2. Nc3 Nf6 3. Bc4 Nxe4 4. Qh5 Nd6 5. Bb3 Nc6 6. Nb5 g6 7. Qf3 f5 8.
Qd5 Qf6 9. Nxc7+ Kd8 10. Nxa8 b6 11. Ne2 Bb7 12. Nxb6 axb6 13. Qf3 Nd4 14. Qh3
Nxe2 15. Kxe2 f4 16. f3 h5 17. Rf1 g5 18. g3 Nf5 19. Ke1 Nd4 20. c3 Nxf3+ 21.
Rxf3 Bxf3 22. a4 Bc5 23. Bd1 Bc6 24. b4 fxg3 25. Qxg3 h4 0-1

[Event "Tradewise Gibraltar Masters 16th"]
[Site "Gibraltar"]
[Date "2018.01.23"]
[Round "1.118"]
[White "Vega Gutierrez, Sabrina"]
[Black "Edvardsen, Ragnar"]
[Result "1-0"]
[WhiteElo "2427"]
[BlackElo "1968"]
[PlyCount "59"]
[EventDate "2018.01.23"]
[EventType "swiss"]
[EventRounds "10"]
[EventCountry "GGB"]
[SourceTitle "BritBase"]
[Source "www.saund.co.uk"]
[SourceDate "2018.02.10"]
[SourceVersion "1"]
[SourceVersionDate "2018.02.10"]
[SourceQuality "1"]

1. e4 e5 2. Nf3 Nc6 3. Bc4 Nf6 4. d3 Bc5 5. O-O O-O 6. c3 a6 7. h3 h6 8. d4
exd4 9. cxd4 Ba7 10. d5 b5 11. Bb3 Na5 12. Bc2 d6 13. Nbd2 c5 14. b3 Re8 15.
Bb2 Nd7 16. Re1 Qc7 17. Rc1 Bb6 18. Bb1 Qa7 19. Nf1 c4 20. Bd4 cxb3 21. axb3 b4
22. Ng3 Bxd4 23. Nxd4 Ne5 24. Kh2 Bd7 25. f4 Ng6 26. Nh5 Qb7 27. Qd3 Rac8 28.
Nf5 Bxf5 29. exf5 Nf8 30. Qg3 1-0

[Event "Tradewise Gibraltar Masters 16th"]
[Site "Gibraltar"]
[Date "2018.01.23"]
[Round "1.119"]
[White "Helin, Mikael"]
[Black "Sonis, Francesco"]
[Result "0-1"]
[WhiteElo "1962"]
[BlackElo "2425"]
[PlyCount "90"]
[EventDate "2018.01.23"]
[EventType "swiss"]
[EventRounds "10"]
[EventCountry "GGB"]
[SourceTitle "BritBase"]
[Source "www.saund.co.uk"]
[SourceDate "2018.02.10"]
[SourceVersion "1"]
[SourceVersionDate "2018.02.10"]
[SourceQuality "1"]

1. e4 c5 2. Nc3 d6 3. g3 Nc6 4. Bg2 g6 5. d3 Bg7 6. Nge2 Nf6 7. h3 Rb8 8. f4
Nd7 9. O-O O-O 10. g4 b5 11. Ng3 c4 12. g5 b4 13. Nd5 cxd3 14. cxd3 Ba6 15. Ne3
Nc5 16. Ng4 Nxd3 17. Be3 Nxb2 18. Qd5 Rc8 19. Rac1 e6 20. Qb3 Bxf1 21. Rxf1 Nd4
22. Bxd4 Bxd4+ 23. Kh2 Qa5 24. Nh6+ Kh8 25. Qf3 f5 26. exf5 exf5 27. Qb3 d5 28.
Ne2 Bg7 29. Rb1 Nc4 30. Qd3 Nb6 31. Qe3 Rfe8 32. Qd3 Qxa2 33. Nf7+ Kg8 34. Ne5
Bxe5 35. fxe5 Qc2 36. Nf4 Qxd3 37. Nxd3 Rc3 38. Nxb4 Rxe5 39. Ra1 Re2 40. Rxa7
Rb3 41. Nc6 Rbb2 42. Kg3 Rxg2+ 43. Kf4 Rge2 44. Ne7+ Kf8 45. Nc6 Rb3 0-1

[Event "Tradewise Gibraltar Masters 16th"]
[Site "Gibraltar"]
[Date "2018.01.23"]
[Round "1.120"]
[White "Solomon, Kenny"]
[Black "Suez-Panama, Gilles"]
[Result "1/2-1/2"]
[WhiteElo "2420"]
[BlackElo "1959"]
[PlyCount "141"]
[EventDate "2018.01.23"]
[EventType "swiss"]
[EventRounds "10"]
[EventCountry "GGB"]
[SourceTitle "BritBase"]
[Source "www.saund.co.uk"]
[SourceDate "2018.02.10"]
[SourceVersion "1"]
[SourceVersionDate "2018.02.10"]
[SourceQuality "1"]

1. d4 Nf6 2. c4 g6 3. Nc3 Bg7 4. e4 d6 5. Nf3 O-O 6. Be2 Na6 7. O-O e5 8. Be3
Ng4 9. Bg5 Qe8 10. Re1 c6 11. d5 h6 12. Bh4 c5 13. a3 f5 14. Nd2 Nf6 15. exf5
gxf5 16. Nb5 Qd7 17. Bd3 e4 18. Bc2 Nc7 19. Nxc7 Qxc7 20. f3 exf3 21. Nxf3 Bd7
22. Qd2 Rae8 23. Rxe8 Nxe8 24. Re1 Nf6 25. Bxf6 Rxf6 26. Nh4 Qd8 27. Rf1 Rf7
28. Nxf5 Qf6 29. g4 Bxf5 30. Bxf5 Kf8 31. Rf2 Qh4 32. Rf3 Bf6 33. Kg2 Qg5 34.
Qxg5 Bxg5 35. b4 b6 36. bxc5 bxc5 37. Kg3 Kg7 38. h4 Bd2 39. Rb3 h5 40. Rb1 Bc3
41. Kf4 Bd2+ 42. Kf3 Kf6 43. Be6 hxg4+ 44. Ke2 Rh7 45. Rf1+ Ke5 46. Bxg4 Rxh4
47. Bc8 Ba5 48. Rf7 Bb6 49. Ke3 Re4+ 50. Kd3 Rd4+ 51. Ke3 Re4+ 52. Kd3 Rd4+ 53.
Kc3 Ba5+ 54. Kb3 Rd3+ 55. Ka4 Bb6 56. Kb5 Rxa3 57. Kc6 Ra4 58. Rf5+ Ke4 59. Rh5
Kd4 60. Kxd6 Rxc4 61. Kc6 Ke3 62. Rh3+ Kd2 63. Rh2+ Kc3 64. d6 Rd4 65. Be6 c4
66. d7 Bd8 67. Rh8 Bf6 68. Ra8 Kd2 69. Rxa7 c3 70. Ra2+ Ke1 71. Ra1+ 1/2-1/2

[Event "Tradewise Gibraltar Masters 16th"]
[Site "Gibraltar"]
[Date "2018.01.23"]
[Round "1.121"]
[White "Odeh, Kenneth"]
[Black "Kozak, Adam"]
[Result "0-1"]
[WhiteElo "1922"]
[BlackElo "2418"]
[PlyCount "72"]
[EventDate "2018.01.23"]
[EventType "swiss"]
[EventRounds "10"]
[EventCountry "GGB"]
[SourceTitle "BritBase"]
[Source "www.saund.co.uk"]
[SourceDate "2018.02.10"]
[SourceVersion "1"]
[SourceVersionDate "2018.02.10"]
[SourceQuality "1"]

1. e4 e5 2. Nf3 Nc6 3. Bb5 a6 4. Bxc6 dxc6 5. O-O Bg4 6. h3 h5 7. d3 Qf6 8.
Nbd2 g5 9. Re1 Be6 10. Nf1 g4 11. hxg4 hxg4 12. N3h2 Qg7 13. Be3 O-O-O 14. Qe2
Nf6 15. c3 Bd6 16. c4 Rh4 17. c5 Be7 18. d4 exd4 19. Bf4 Bxc5 20. Bg3 Rh7 21.
Rac1 Bb6 22. Red1 Nh5 23. Qd3 c5 24. b3 Rdh8 25. a4 Nxg3 26. Qxg3 a5 27. b4
cxb4 28. e5 Kb8 29. Rd2 Qg6 30. Rdc2 Rh5 31. Kh1 Qf5 32. f4 gxf3 33. Rf2 fxg2+
34. Kxg2 Bd5+ 35. Kg1 d3 36. Ne3 Qg5 0-1

[Event "Tradewise Gibraltar Masters 16th"]
[Site "Gibraltar"]
[Date "2018.01.23"]
[Round "1.122"]
[White "Pigott, John C"]
[Black "Ansari, Athar"]
[Result "1-0"]
[WhiteElo "2418"]
[BlackElo "1919"]
[PlyCount "67"]
[EventDate "2018.01.23"]
[EventType "swiss"]
[EventRounds "10"]
[EventCountry "GGB"]
[SourceTitle "BritBase"]
[Source "www.saund.co.uk"]
[SourceDate "2018.02.10"]
[SourceVersion "1"]
[SourceVersionDate "2018.02.10"]
[SourceQuality "1"]

1. e4 c5 2. Nf3 a6 3. c4 d6 4. d4 Bg4 5. dxc5 dxc5 6. Qxd8+ Kxd8 7. Ne5 Be6 8.
Nc3 Nd7 9. Nf3 h6 10. Be3 g5 11. O-O-O Kc7 12. Nd5+ Bxd5 13. cxd5 Ngf6 14. h4
g4 15. Nd2 Bg7 16. h5 Rac8 17. Bf4+ Kb6 18. e5 Ne8 19. Be2 f5 20. Bd3 Rf8 21.
e6 Nb8 22. Nc4+ Ka7 23. Rhe1 b5 24. Ne5 Bxe5 25. Rxe5 Nd6 26. Bxh6 c4 27. Bc2
Rh8 28. Bg5 c3 29. bxc3 Rxc3 30. Bxe7 Rhc8 31. Bxd6 Rxc2+ 32. Kb1 Rxf2 33. e7
Rcc2 34. Ba3 1-0